Le Grand temple de Deir-el-Bahari /
محفوظ في:
المؤلف الرئيسي:
التنسيق: كتاب
اللغة: French
الموضوعات:
الوسوم: إضافة وسم
لا توجد وسوم, كن أول من يضع وسما على هذه التسجيلة!
رقم الطلب: ( P )DT73 .D45 M82 1910
| LEADER | 00769namaa2200217 4500 | ||
|---|---|---|---|
| 001 | 16435 | ||
| 003 | OSt | ||
| 005 | 20210802142818.0 | ||
| 008 | 130303q1910 xx g 000 0 fre d | ||
| 952 | |0 0 |1 0 |2 lcc |4 0 |7 1 |9 17340 |a ARCE |b ARCE |d 2021-08-02 |l 0 |o ( P )DT73 .D45 M82 1910 |p 1026906 |r 2021-08-02 00:00:00 |w 2021-08-02 |y BK | ||
| 999 | |c 14183 |d 14183 | ||
| 040 | |c ARCE Library | ||
| 050 | 0 | 4 | |a ( P )DT73 .D45 M82 1910 |
| 100 | 1 | |a Moret, Alexandre, |d 1868-1938, |e author |9 36215 | |
| 245 | 1 | 3 | |a Le Grand temple de Deir-el-Bahari / |c [Alexandre Moret]. |
| 264 | 1 | |a [Place of publication not identified] : |b [publisher not identified], |c [1910?]. | |
| 300 | |a Pages ; |c 24 cm. | ||
| 610 | 2 | 0 | |a Der el Bahri (Temple) |
| 610 | 2 | 0 | |a Deir el-Bahari Site (Egypt) |
| 901 | |a reviewed | ||
| 942 | |c BK |2 lcc | ||
